Interná kalibrácia súradnicových meracích strojov a neistoty kalibrácie
Saved in:
| Main Author: | |
|---|---|
| Other Authors: | |
| Format: | Book |
| Language: | Slovak |
| Published: |
Bratislava :
STU v Bratislave,
2013
|
| Edition: | 1. vyd. |
| Subjects: | |
| Tags: |
No Tags, Be the first to tag this record!
|
MARC
| LEADER | 00000nam a22000003a 4500 | ||
|---|---|---|---|
| 001 | stu275298 | ||
| 005 | 20150617230239.0 | ||
| 008 | 131001s--------xo------------------slo-d | ||
| 040 | |a STU |b slo | ||
| 041 | 0 | |a slo | |
| 044 | |a xo | ||
| 100 | 1 | |a Palenčár, Jozef, |d 1985- |4 aut |u J0020 |U SjF Strojnícka fakulta |T SjF Ústav automatizácie, merania a aplikovanej informatiky |X 69635 |U J0020 |Y 802 |7 A000069635 | |
| 245 | 1 | |a Interná kalibrácia súradnicových meracích strojov a neistoty kalibrácie | |
| 250 | |a 1. vyd. | ||
| 260 | |a Bratislava : |b STU v Bratislave, |c 2013 | ||
| 300 | |a 129 s | ||
| 650 | 7 | |a metrológia |2 stusub | |
| 700 | 1 | |a Palenčár, Rudolf, |d 1949- |4 xxx |u J0020 |U SjF Strojnícka fakulta |T SjF Ústav automatizácie, merania a aplikovanej informatiky |X 2375 |U J0020 |Y 802 |7 A000002375 | |
| 996 | |b 284J041503 |c J*116275 |l JJST |s P |a 0 |w stu275298_0001 | ||